书目信息 |
| 题名: |
琵琶入门一本通
|
|
| 作者: | 曲文军 , 李莲芳 著 ;广州市好好学文化教育有限公司 编 | |
| 分册: | ||
| 出版信息: | 长春 吉林出版集团有限责任公司 2015 |
|
| 页数: | 135页 | |
| 开本: | 23cm | |
| 丛书名: | 校园好声音音乐普及系列丛书 | |
| 单 册: | ||
| 中图分类: | J632.336 | |
| 科图分类: | ||
| 主题词: | 琵琶--奏法 | |
| 电子资源: | ||
| ISBN: | 978-7-5534-3607-4 | |
| 000 | 01113oam2 2200277 450 | |
| 001 | 2345522957 | |
| 005 | 20231120204828.46 | |
| 010 | @a978-7-5534-3607-4@dCNY48.00 | |
| 100 | @a20180217d2015 em y0chiy50 ea | |
| 101 | 0 | @achi |
| 102 | @aCN@b220000 | |
| 105 | @aag z 000yy | |
| 200 | 1 | @a琵琶入门一本通@9pi pa ru men yi ben tong@f曲文军,李莲芳[著] |
| 210 | @a长春@c吉林出版集团有限责任公司@d2015 | |
| 215 | @a135页@c图@d23cm | |
| 225 | 1 | @a校园好声音音乐普及系列丛书@f吴疆主编 |
| 330 | @a本书编写了在教学实践中行之有效,能与学生的程度和学习进度统一起来的基本练习与技术训练的琵琶练习曲和乐曲,以提高学生的学习兴趣,做到寓教于乐。全书汇集了古、今、中、外的典范曲目,具有可听性强、技术层次分明等特点。 | |
| 461 | 0 | @12001 @a校园好声音音乐普及系列丛书 |
| 510 | 1 | @aIntroduction to eliute@zeng |
| 606 | 0 | @a琵琶@x奏法 |
| 690 | @aJ632.336@v5 | |
| 701 | 0 | @a曲文军@9qu wen jun@f(1959-)@4著 |
| 701 | 0 | @a李莲芳@9li lian fang@4著 |
| 712 | 02 | @a广州市好好学文化教育有限公司@9guang zhou shi hao hao xue wen hua jiao yu you xian gong si@4编 |
| 801 | 0 | @aCN@b91MARC@c20180217 |
| 905 | @aBZT@dJ632.336@e2 | |
| 琵琶入门一本通/曲文军,李莲芳[著].-长春:吉林出版集团有限责任公司,2015 |
| 135页:图;23cm.-(校园好声音音乐普及系列丛书/吴疆主编) |
| ISBN 978-7-5534-3607-4:CNY48.00 |
| 本书编写了在教学实践中行之有效,能与学生的程度和学习进度统一起来的基本练习与技术训练的琵琶练习曲和乐曲,以提高学生的学习兴趣,做到寓教于乐。全书汇集了古、今、中、外的典范曲目,具有可听性强、技术层次分明等特点。 |
| ● |
| 相关链接 |
|
|
|
正题名:琵琶入门一本通
索取号:J632.336/2
 
预约/预借
| 序号 | 登录号 | 条形码 | 馆藏地/架位号 | 状态 | 备注 |
| 1 | 2000976030 | 2000976030 | 中教第一批/山东中教(第二书库)/189/ [索取号:J632.336/2] | 在馆 | |
| 2 | 2000976031 | 2000976031 | 中教第一批/山东中教(第二书库)/189/ [索取号:J632.336/2] | 在馆 | |
| 3 | 2000976032 | 2000976032 | 中教第一批/山东中教(第二书库)/189/ [索取号:J632.336/2] | 在馆 | |
| 4 | 2000976033 | 2000976033 | 中教第一批/山东中教(第二书库)/189/ [索取号:J632.336/2] | 在馆 | |
| 5 | 2000976034 | 2000976034 | 中教第一批/山东中教(第二书库)/189/ [索取号:J632.336/2] | 在馆 | |
| 6 | 2000976035 | 2000976035 | 中教第一批/山东中教(第二书库)/189/ [索取号:J632.336/2] | 在馆 |